Monarques de France par image - Statistiques

Statistiques générales
  • Ce quiz a été pris 240 fois
  • Le résultat moyen est 13 sur 20
Statistiques - réponses
Par images Réponse % Correct
Napoléon I
98%
Louis XIV
95%
François I
93%
Henri IV
84%
Napoléon III
80%
Louis XV
77%
Louis XVIII
75%
Louis-Philippe
74%
Louis XIII
74%
Louis XVI
72%
Henri II
65%
Charles VII
62%
Louis XI
59%
Charles X
57%
François II
47%
Henri III
41%
Charles IX
40%
Charles VI
40%
Charles VIII
39%
Louis XII
38%
Aucun quiz correspondant
Distribution des résultats
% des personnes avec chaque résultat
Percentile par nombre de réponses
Votre historique - résultats
Vous n’avez pas pris ce quiz